000 01310cam a22003495a 4500
999 _c2162
_d2162
003 EG-ScBUE
005 20200111123333.0
008 090415r20001989enka f 000 0 eng d
020 _a0521774721
020 _a9780521774727
040 _aEG-ScBUE
_beng
_erda
_cEG-ScBUE
_dEG-ScBUE
082 0 4 _a808.06665
_bJON
_222
100 1 _aJones, Leo,‏
_d1943-
_eauthor.
_93735
245 1 0 _aNew international business English :
_bcommunication skills in English for business purposes.
_pStudent's book /
_cLeo Jones, Richard Alexander.
246 3 0 _aStudent's book
250 _aUpdated edition.
250 _aSixth printing.
264 1 _aCambridge, UK :
_bCambridge University Press,
_c2002.
300 _a176 pages :
_billustrations (some color) ;
_c28 cm.
336 _2rdacontent
_atext
_btxt
337 _2rdamedia
_aunmediated
_bn
338 _2rdacarrier
_avolume
_bnc
490 0 _aCambridge professional English
590 _aMohamed.
650 7 _aEnglish language
_xBusiness English.
_2BUEsh
_93736
650 7 _aEnglish language
_vTextbooks for foreign speakers.
_2BUEsh
_93737
650 7 _aBusiness communication.
_2BUEsh
_93738
653 _bHHUUEENN
_cJuly2019
655 _vReading book
700 1 _aAlexander, Richard.
_d1959-
_eauthor.
_93739
942 _cBB
_k808.06665 JON
_2ddc